Statistics for The Moon

Click here to take the quiz!

General Stats

  • This quiz has been taken 9,915 times
  • The average score is 12 of 17

Answer Stats

QuestionAnswer% Correct
Who was the first person to walk on the moon?Neil Armstrong
99%
Who popularized the "moonwalk" dance?Michael Jackson
92%
What was the name of the American program to land a person on the moon?Apollo
89%
And who was the second?Buzz Aldrin
88%
What was the first word uttered on the surface of the moon?
(Hint: it's the name of an American city)
Houston
87%
Fill in the blank: That's one small step for man, one _____ ____ for mankindGiant Leap
87%
What is the name of the moon in Latin?Luna
86%
What oceanic phenomenon is caused by the gravitational pull of the moon?Tides
85%
There are 4 moons in the solar system that are larger than our moon.
Name any one of them
Ganymede, Titan,
Callisto, or Io
75%
What band recorded the album "The Dark Side of the Moon"?Pink Floyd
72%
What is the term for the second full moon in a single calendar month?{Blue} Moon
62%
In what "sea" did the first moon landing take place?Sea of {Tranquility}
61%
Who was the Greek goddess of the moon (and also hunting)?Artemis
59%
Which phase of the moon comes after the new moon?Waxing {Crescent}
57%
What James Bond movie has "moon" in the title?Moonraker
56%
What was the code name of the lunar module used in the first moon landing?Eagle
45%
Which phase of the moon comes after the full moon?Waning {Gibbous}
31%

Score Distribution

Percentile by Number Answered

Percent of People with Each Score

Your Score History

You have not taken this quiz